000 00713nam a2200193Ia 4500
999 _c40305
_d40305
001 6913
003 GE_BSU
005 20200203152239.0
008 181216s1990||||ge |||||||||||||| ||geo||
040 _cGE_BSU
041 _ageo
080 _a821.353.1-1 გ-76
100 _aგრანელი, ტერენტი.
_96696
245 _aლექსები :
_bწიგნი მესამე /
_cტერენტი გრანელი ; პ/მ. გამოცემაზე ე. ნადარეიშვილი.
264 _aთბილისი :
_bხელოვნება,
_c1990.
300 _a38 გვ. ;
_c18 სმ.
653 _aლექსები
942 _cBK
_2udc